MESTSKÁ KNIŽNICA GIRALTOVCE  - online katalóg 

Stretnutie s nesmrteľnosťou (Record no. 10283)

000 -NÁVESTIE
fixed length control field 00550nam a2200181 a 4500
008 - ÚDAJE S PEVNOU DĹŽKOU – VŠEOBECNÉ INFORMÁCIE
fixed length control field 960304s1974 m yxo 0 slo c
040 ## - ZDROJ KATALOGIZÁCIE
Pôvodná katalogizujúca agentúra SNK
Jazyk katalogizácie slo
Prepisujúca agentúra SNK
Konvencie popisu AACR2
041 1# - KÓD JAZYKA
Kód jazyka textu/zvukovej stopy alebo samostatných nápisov slo
Kód jazyka originálu a/alebo sprostredkujúcich prekladov textu ger
044 ## - KÓD KRAJINY VYDAVATEĽA/PRODUCENTA
Kód krajiny MARC xo
Kód krajiny ISO SK
020 ## - MEDZINÁRODNÉ ŠTANDARDNÉ ČÍSLO KNIHY (ISBN)
Údaje o dostupnosti 29
100 1# - OSOBNÉ MENÁ – VŠEOBECNÉ INFORMÁCIE
Osobné meno David, Kurt
Kód roly aut
245 10 - NÁZOV
Názov Stretnutie s nesmrteľnosťou
Zvyšok názvu Kniha o Beethovenovi pre mladých
Údaj o zodpovednosti atď. Kurt David ; Prel. Jana Šimulčíková
246 10 - INÁ FORMA NÁZVU
Hlavný názov/skrátený názov Begegnung mit der Unsterblichkeit
260 ## - VYDAVATEĽSKÉ ÚDAJE, DISTRIBÚCIA ATĎ.
Miesto publikovania, distribúcie atď. Bratislava
Názov vydavateľa, distibútora atď. Opus
Dátum publikovania, distribúcie atď. 1974
300 ## - FYZICKÝ POPIS
Rozsah [2], 190, [3] s.
700 1# - PRIDANÝ VSTUP – OSOBNÉ MENO
Osobné meno Šimulčíková, Jana
Kód roly trl
958 ## - Formálny deskriptor
Formálny deskriptor A
Holdings
Stav stiahnutia (Blokovanie) (Withrawn status) Stav straty Stav poškodenia (Damaged status) Nie pre výpožičky (Not for loan) Spôsob nadobudnutia (Collection code) Trvalé umiestnenie Aktuálne umiestnenie Dátum nadobudnutia Náklady, bežná kúpna cena Inventárne číslo (prírastkové číslo) Full call number Dátum posledného výskytu Cena s účinnosťou od Typ jednotky Koha
        Kúpa Mestská knižnica Giraltovce Mestská knižnica Giraltovce 2019-11-29 29.00 09676 B 3857 2019-11-29 2019-11-29 Krásna literatúra pre dospelých

Powered by Koha